טוען...

Organizational Role Stress: Perceptions of Women Agricultural Assistants from Kerala

Stresses disrupt the physical or psychological functioning of individuals. Occupational Stress occurs in a reaction to events or situations in the work environment. Different studies have classified occupational stress in terms of different aspects such as physical environment, role stressors, orga...

תיאור מלא

מידע ביבליוגרפי
מחבר ראשי: Anshida Beevi; Monika Wason; R.N.Padaria; Premlata Singh; Pramod Kumar; Eldho Varghese and Niveta Jain
פורמט: Printed Book
יצא לאור: Indian Res. J. Ext. Edu. 2019
נושאים:
גישה מקוונת:http://10.26.1.76/ks/007779.pdf
LEADER 02142nam a2200145 4500
999 |c 161560  |d 161556 
100 |a Anshida Beevi; Monika Wason; R.N.Padaria; Premlata Singh; Pramod Kumar; Eldho Varghese and Niveta Jain  |9 90606 
245 |a Organizational Role Stress: Perceptions of Women Agricultural Assistants from Kerala  
260 |b Indian Res. J. Ext. Edu.   |c 2019 
300 |b 19 (1), January, 2019 
520 |a Stresses disrupt the physical or psychological functioning of individuals. Occupational Stress occurs in a reaction to events or situations in the work environment. Different studies have classified occupational stress in terms of different aspects such as physical environment, role stressors, organizational structure, job characteristics and professional relationships. Organizational Role Stress (ORS) is de fined as the stress resulting from the occupation of an organizational role and performing or not being able to perform therein (Pareek.1983). The present study has been undertaken to understand the perceived organizational role stress by the women agricultural assistants from Kerala State Department of Agriculture. Expost- facto research design was followed in the study. A sample comprising of 120 women agricultural assistants were selected through multistage random sampling. Organizational role stress was measured using a Likert-type scale, which consisted of two broad groups of stressors namely family role stressor and work role stressors. The scale was pre-tested during pilot study and Cronbach’s alpha found to be 0.95 which was significant. The study found that except role erosion stressor, all other role stressors were at moderate or high level. Further, non-parametric two-way analysis showed that there was a highly significant difference between different stressors. Stress due to role overload followed by inter-role distance was the major problem with mean ranks 9.783 and 7.871 respectively  
650 |a OCCUPATIONAL STRESS;  |a EXTENSIONAL PERSONAL  |9 90607 
856 |u http://10.26.1.76/ks/007779.pdf 
942 |c KS 
952 |0 0  |1 0  |4 0  |7 0  |9 160028  |a MGUL  |b MGUL  |d 2019-03-05  |l 0  |r 2019-03-05  |w 2019-03-05  |y KS